[Event "Bayern-chTT (RL Nord-West)"]
[Site "Bayern 2008/09"]
[Date "2008.10.26"]
[Round "2.1"]
[White "Weigand, Hans-Christian"]
[Black "Schindler, Viktor(58)"]
[Result "1/2-1/2"]
[WhiteElo "2001"]
[BlackElo "2161"]
[PlyCount "22"]
[EventDate "2009.03.??"]
[EventType "team-tourn"]
[EventRounds "9"]
[WhiteTeam "Kronach 1"]
[BlackTeam "Hof 1"]

1. c4 Nf6 2. Nc3 d5 3. cxd5 Nxd5 4. g3 g6 5. Bg2 Nxc3 6. bxc3 Bg7 7. Nf3 O-O 8.
O-O Nc6 9. Rb1 b6 10. d4 Bf5 11. Rb2 Be4 1/2-1/2

[Event "Bayern-chTT (RL Nord-West)"]
[Site "Bayern 2008/09"]
[Date "2008.10.26"]
[Round "2.2"]
[White "Hertel, Hans"]
[Black "Stauch, Edgar"]
[Result "1/2-1/2"]
[WhiteElo "2070"]
[BlackElo "2090"]
[PlyCount "53"]
[EventDate "2009.03.??"]
[EventType "team-tourn"]
[EventRounds "9"]
[WhiteTeam "Hof 1"]
[BlackTeam "Kronach 1"]

1. d4 Nf6 2. c3 g6 3. Bg5 Bg7 4. Nd2 d6 5. e4 O-O 6. Bc4 c5 7. dxc5 dxc5 8. Qe2
Nc6 9. Ngf3 Ng4 10. O-O Qc7 11. Rfd1 h6 12. Bh4 b6 13. Bg3 Nge5 14. Bd5 Bb7 15.
Nxe5 Bxe5 16. Bxe5 Nxe5 17. Bxb7 Qxb7 18. f4 Nc6 19. Nf3 Rad8 20. f5 Qc7 21.
fxg6 fxg6 22. e5 Kg7 23. Rxd8 Rxd8 24. Rf1 Rf8 25. Rd1 Rd8 26. Rf1 Rf8 27. Rd1
1/2-1/2

[Event "Bayern-chTT (RL Nord-West)"]
[Site "Bayern 2008/09"]
[Date "2008.10.26"]
[Round "2.3"]
[White "Herdin, Hans-Ulrich"]
[Black "Shashkin, Igor"]
[Result "1-0"]
[WhiteElo "2050"]
[BlackElo "2056"]
[PlyCount "101"]
[EventDate "2009.03.??"]
[EventType "team-tourn"]
[EventRounds "9"]
[WhiteTeam "Kronach 1"]
[BlackTeam "Hof 1"]

1. e4 c5 2. Nf3 Nc6 3. c4 e5 4. b3 d6 5. Bb2 f5 6. d3 Nf6 7. Nc3 Be7 8. Nd5
fxe4 9. Nxf6+ Bxf6 10. dxe4 Qe7 11. Qd2 Be6 12. Be2 O-O 13. O-O Kh8 14. Rad1
Rad8 15. h3 Rf7 16. Nh2 Bg5 17. Qd3 Nd4 18. Bxd4 exd4 19. Bg4 Rdf8 20. Rde1
Bxg4 21. hxg4 g6 22. g3 Bh6 23. f4 g5 24. f5 Bg7 25. Nf3 Be5 26. Kg2 h6 27. Rh1
Rh7 28. Rh5 Kg7 29. Reh1 Rfh8 30. Qd2 Bf6 31. Re1 b6 32. Qd3 a5 33. Rb1 Ra8 34.
a3 Rhh8 35. Rhh1 Rhe8 36. Nd2 Qc7 37. Qf3 Qc6 38. a4 Qc7 39. Rbe1 Qf7 40. e5
Bxe5 41. Rxe5 Rxe5 42. Qxa8 Re2+ 43. Kh3 Rxd2 44. Re1 Rf2 45. Qd8 d3 46. Re7 d2
47. Qxd6 Kg8 48. Rxf7 Kxf7 49. Qe6+ Kg7 50. Qg6+ Kf8 51. f6 1-0

[Event "Bayern-chTT (RL Nord-West)"]
[Site "Bayern 2008/09"]
[Date "2008.10.26"]
[Round "2.4"]
[White "Verlatov, Artjom"]
[Black "Lechleitner, Walter"]
[Result "1-0"]
[WhiteElo "1984"]
[BlackElo "2002"]
[PlyCount "51"]
[EventDate "2009.03.??"]
[EventType "team-tourn"]
[EventRounds "9"]
[WhiteTeam "Hof 1"]
[BlackTeam "Kronach 1"]

1. e4 e6 2. d4 d5 3. e5 c5 4. c3 Nc6 5. Nf3 Qb6 6. a3 Bd7 7. b4 cxd4 8. cxd4
Be7 9. Nc3 Rc8 10. Na4 Qc7 11. Bd3 f5 12. O-O Qd8 13. Re1 g6 14. Nc5 Rc7 15.
Bd2 Bc8 16. Qa4 Kf7 17. Rac1 a6 18. b5 axb5 19. Bxb5 Bxc5 20. Rxc5 h6 21. Rec1
Re7 22. Bxc6 bxc6 23. Qxc6 Bd7 24. Qd6 Qa8 25. Rc7 Ke8 26. Nh4 1-0

[Event "Bayern-chTT (RL Nord-West)"]
[Site "Bayern 2008/09"]
[Date "2008.10.26"]
[Round "2.5"]
[White "Becker, Alexander(63)"]
[Black "Urytskyy, Michael"]
[Result "0-1"]
[WhiteElo "1992"]
[BlackElo "1988"]
[PlyCount "48"]
[EventDate "2009.03.??"]
[EventType "team-tourn"]
[EventRounds "9"]
[WhiteTeam "Kronach 1"]
[BlackTeam "Hof 1"]

1. c4 Nf6 2. g3 c5 3. Bg2 Nc6 4. Nc3 g6 5. e3 Bg7 6. Nge2 O-O 7. O-O d6 8. d4
cxd4 9. Nxd4 Bd7 10. b3 Qa5 11. Bb2 Rab8 12. Nd5 Nxd5 13. Nxc6 Bxc6 14. Bxg7
Nxe3 15. Qc1 Nxg2 16. Bxf8 Rxf8 17. f3 g5 18. h3 h5 19. Kxg2 g4 20. hxg4 hxg4
21. Rf2 Bxf3+ 22. Kg1 Qe5 23. Kh2 Kg7 24. Rxf3 gxf3 0-1

[Event "Bayern-chTT (RL Nord-West)"]
[Site "Bayern 2008/09"]
[Date "2008.10.26"]
[Round "2.6"]
[White "Scheidt, Joerg Dr"]
[Black "Hoermann, Fabian"]
[Result "1-0"]
[WhiteElo "1975"]
[BlackElo "1935"]
[PlyCount "115"]
[EventDate "2009.03.??"]
[EventType "team-tourn"]
[EventRounds "9"]
[WhiteTeam "Hof 1"]
[BlackTeam "Kronach 1"]

1. e4 c5 2. Nf3 d6 3. d3 Nc6 4. g3 g6 5. Bg2 Bg7 6. O-O e5 7. c3 Nge7 8. Be3 h6
9. d4 cxd4 10. cxd4 O-O 11. d5 Nb8 12. Nc3 f5 13. Rc1 a6 14. Rc2 g5 15. Bc1 Ng6
16. Ne1 f4 17. Qh5 Qe8 18. Bh3 Bxh3 19. Qxh3 Nd7 20. Nd3 Nf6 21. Re1 g4 22. Qg2
f3 23. Qf1 Rc8 24. b3 Rf7 25. Ba3 Rfc7 26. Rec1 Bf8 27. Ne1 Nh8 28. Qd3 Qg6 29.
Bb4 Nf7 30. h4 gxh3 31. Nxf3 Ng5 32. Nh4 Qh7 33. f3 Nh5 34. Kh2 Rf7 35. Ne2
Rxc2 36. Rxc2 Rf6 37. Bd2 Qf7 38. Bxg5 hxg5 39. Nf5 Ng7 40. g4 Nxf5 41. exf5 b5
42. Ng3 Qa7 43. Ne4 Rf7 44. Qd2 Bh6 45. Nxd6 Rc7 46. Rxc7 Qxc7 47. Ne4 Kf8 48.
d6 Qd7 49. Qd5 Qf7 50. Qxf7+ Kxf7 51. Kxh3 Ke8 52. Kg3 Kd7 53. Kf2 Bf8 54. Ke3
Bxd6 55. Nxd6 Kxd6 56. Ke4 a5 57. a3 a4 58. b4 1-0

[Event "Bayern-chTT (RL Nord-West)"]
[Site "Bayern 2008/09"]
[Date "2008.10.26"]
[Round "2.7"]
[White "Horther, Heinrich"]
[Black "Plakidin, Alexey"]
[Result "1-0"]
[WhiteElo "1991"]
[BlackElo "1926"]
[PlyCount "87"]
[EventDate "2009.03.??"]
[EventType "team-tourn"]
[EventRounds "9"]
[WhiteTeam "Kronach 1"]
[BlackTeam "Hof 1"]

1. e4 d6 2. d4 Nf6 3. Nc3 g6 4. Nf3 Bg7 5. Be2 O-O 6. O-O Bg4 7. h3 Bxf3 8.
Bxf3 Nc6 9. Be3 e5 10. dxe5 Nxe5 11. Be2 Qe7 12. Qd2 Ned7 13. f3 Nh5 14. Nd5
Qd8 15. Bg5 f6 16. Bh4 c6 17. Nc3 g5 18. Bf2 Re8 19. Bc4+ d5 20. exd5 Ne5 21.
Bb3 Kh8 22. Rad1 Nf4 23. Bg3 Neg6 24. dxc6 Qb6+ 25. Bf2 Qxc6 26. Ba4 Nxh3+ 27.
Kh2 Qc7+ 28. Bg3 Nhf4 29. Bxe8 Rxe8 30. Rfe1 Rg8 31. Nb5 Qb6 32. Nd6 h5 33. b3
h4 34. Bxf4 Nxf4 35. Re7 Rf8 36. Nf5 Rg8 37. Nxg7 Rxg7 38. Qd8+ Rg8 39. Qd7 Rg6
40. Re8+ Rg8 41. Rxg8+ Kxg8 42. Re1 Ng6 43. Re8+ Nf8 44. Qe7 1-0

[Event "Bayern-chTT (RL Nord-West)"]
[Site "Bayern 2008/09"]
[Date "2008.10.26"]
[Round "2.8"]
[White "Schleupner, Kurt"]
[Black "Schmierer, Hans-Joachim"]
[Result "0-1"]
[WhiteElo "1877"]
[BlackElo "1819"]
[PlyCount "151"]
[EventDate "2009.03.??"]
[EventType "team-tourn"]
[EventRounds "9"]
[WhiteTeam "Hof 1"]
[BlackTeam "Kronach 1"]

1. e4 d6 2. d4 Nf6 3. Nc3 g6 4. Nf3 Bg7 5. Be2 O-O 6. O-O Nbd7 7. h3 e5 8. Re1
exd4 9. Nxd4 Nc5 10. f3 Ne6 11. Be3 Nh5 12. Bc4 c6 13. Nce2 Qe7 14. Bb3 Be5 15.
c3 Nef4 16. Nxf4 Nxf4 17. Bxf4 Bxf4 18. Ne2 Be3+ 19. Kh1 Qf6 20. Qd3 Bb6 21.
Rad1 Rd8 22. Qd2 Bc7 23. Rf1 Qe7 24. Rde1 a5 25. a3 a4 26. Ba2 Ra5 27. Ng1 Re5
28. Bb1 Be6 29. f4 Rh5 30. f5 Bc4 31. Rf3 Qe5 32. Qd4 Qxd4 33. cxd4 Re8 34. Rc1
b5 35. g4 Rh4 36. Kg2 Bb6 37. Rd1 gxf5 38. Rxf5 Bb3 39. Rd2 Be6 40. Rf6 Kg7 41.
Rff2 Rh6 42. Ne2 Bb3 43. Ng3 Rhe6 44. Nh5+ Kf8 45. Nf6 R8e7 46. Nxh7+ Ke8 47.
Nf6+ Kd8 48. g5 d5 49. e5 c5 50. Bf5 Rc6 51. dxc5 Bxc5 52. Rfe2 d4 53. Bd3 b4
54. Be4 Rc8 55. axb4 Ba7 56. Bd5 Bxd5+ 57. Nxd5 Rd7 58. Nf4 Rdc7 59. e6 Rb7 60.
Kf3 Rc4 61. exf7 Rxf7 62. g6 Rf8 63. g7 Rg8 64. h4 Bb8 65. Ne6+ Ke7 66. h5 Kf6
67. Rd1 Rxb4 68. Rg1 d3 69. Rg6+ Kf5 70. Reg2 Bf4 71. h6 d2 72. Rxd2 Kxg6 73.
Nxf4+ Kxh6 74. Ne6 Rb6 75. Kf4 Rxe6 76. Kf5 0-1

[Event "Bayern-chTT (RL Nord-West)"]
[Site "Bayern 2008/09"]
[Date "2008.10.26"]
[Round "2.1"]
[White "Wunder, Horst"]
[Black "Loew, Gerald"]
[Result "1/2-1/2"]
[WhiteElo "2134"]
[BlackElo "2244"]
[PlyCount "38"]
[EventDate "2009.03.??"]
[EventType "team-tourn"]
[EventRounds "9"]
[WhiteTeam "Nordhalben 1"]
[BlackTeam "Bindlach 2"]

1. Nf3 c5 2. c4 g6 3. d4 cxd4 4. Nxd4 Bg7 5. e4 Nc6 6. Be3 Nf6 7. Nc3 b6 8.
Nxc6 dxc6 9. Qxd8+ Kxd8 10. O-O-O+ Kc7 11. f3 e5 12. Be2 Be6 13. Kc2 Bf8 14.
Rd2 Nd7 15. Rhd1 a5 16. Na4 Nc5 17. Nxc5 Bxc5 18. Bxc5 bxc5 19. Kc3 h5 1/2-1/2

[Event "Bayern-chTT (RL Nord-West)"]
[Site "Bayern 2008/09"]
[Date "2008.10.26"]
[Round "2.2"]
[White "Ruettinger, Johannes"]
[Black "Wunder, Stefan(58)"]
[Result "1-0"]
[WhiteElo "2146"]
[BlackElo "2021"]
[PlyCount "99"]
[EventDate "2009.03.??"]
[EventType "team-tourn"]
[EventRounds "9"]
[WhiteTeam "Bindlach 2"]
[BlackTeam "Nordhalben 1"]

1. c4 c5 2. g3 g6 3. Bg2 Bg7 4. Nc3 Nc6 5. a3 e6 6. b4 Nxb4 7. axb4 cxb4 8. d4
bxc3 9. e3 Ne7 10. Ne2 O-O 11. Nxc3 d6 12. O-O Re8 13. Ba3 Nc6 14. Qe2 a6 15.
Rfc1 Bf8 16. Rcb1 Ra7 17. Na4 Bd7 18. Nb6 Qc7 19. Rb2 Nd8 20. Bb4 Bc6 21. Ba5
Bxg2 22. Nd5 Qc6 23. Nf6+ Kh8 24. Rb6 Qc8 25. Kxg2 Re7 26. Rxd6 Nc6 27. Bb6 Ra8
28. d5 Bg7 29. dxc6 Bxf6 30. Rd8+ Qxd8 31. Bxd8 Rxd8 32. Rd1 Rxd1 33. Qxd1 bxc6
34. Qf3 Kg7 35. Qxc6 a5 36. Qc5 a4 37. Qa5 a3 38. Qxa3 Rc7 39. Qa6 Rc5 40. Kf3
h5 41. Ke4 Rc7 42. Kd3 Be7 43. Qb6 Rc8 44. Qb7 Re8 45. Qc7 Rd8+ 46. Ke2 Kf6 47.
c5 Rd5 48. c6 Rc5 49. Qf4+ Kg7 50. Qd4+ 1-0

[Event "Bayern-chTT (RL Nord-West)"]
[Site "Bayern 2008/09"]
[Date "2008.10.26"]
[Round "2.3"]
[White "Hild, Detlef"]
[Black "Oehrlein, Alexander"]
[Result "0-1"]
[WhiteElo "2050"]
[BlackElo "2076"]
[PlyCount "56"]
[EventDate "2009.03.??"]
[EventType "team-tourn"]
[EventRounds "9"]
[WhiteTeam "Nordhalben 1"]
[BlackTeam "Bindlach 2"]

1. g3 g6 2. Bg2 Bg7 3. Nf3 c5 4. c3 e5 5. d4 cxd4 6. cxd4 e4 7. Ne5 d5 8. f3
exf3 9. Bxf3 Nc6 10. Nc3 Nge7 11. Bf4 O-O 12. Rc1 Qb6 13. Nxc6 bxc6 14. Bd6 Re8
15. Na4 Qb5 16. O-O Nf5 17. Be5 Ne3 18. Nc3 Qxb2 19. Qa4 Nxf1 20. Qxc6 Bb7 21.
Na4 Bxc6 22. Nxb2 Bxe5 23. dxe5 Nd2 24. Rxc6 Nxf3+ 25. exf3 Rxe5 26. a4 Rd8 27.
Rc7 d4 28. Nc4 d3 0-1

[Event "Bayern-chTT (RL Nord-West)"]
[Site "Bayern 2008/09"]
[Date "2008.10.26"]
[Round "2.4"]
[White "Pesch, Werner ProfDr"]
[Black "Scherbel, Hans"]
[Result "1/2-1/2"]
[WhiteElo "2173"]
[BlackElo "2023"]
[PlyCount "36"]
[EventDate "2009.03.??"]
[EventType "team-tourn"]
[EventRounds "9"]
[WhiteTeam "Bindlach 2"]
[BlackTeam "Nordhalben 1"]

1. c4 e6 2. Nf3 d5 3. Qc2 Nf6 4. g3 Be7 5. Bg2 c6 6. O-O O-O 7. d3 Nbd7 8. b3
b6 9. Bb2 Bb7 10. Nbd2 c5 11. Rad1 d4 12. e4 e5 13. h3 Qc7 14. Rde1 Bd6 15. Nh4
g6 16. Bc1 Nh5 17. Qd1 Ng7 18. Nb1 Be7 1/2-1/2

[Event "Bayern-chTT (RL Nord-West)"]
[Site "Bayern 2008/09"]
[Date "2008.10.26"]
[Round "2.5"]
[White "Burgemeister, Wolfgang"]
[Black "Heimerdinger, Joerg"]
[Result "1/2-1/2"]
[WhiteElo "1979"]
[BlackElo "2022"]
[PlyCount "50"]
[EventDate "2009.03.??"]
[EventType "team-tourn"]
[EventRounds "9"]
[WhiteTeam "Nordhalben 1"]
[BlackTeam "Bindlach 2"]

1. Nf3 Nf6 2. g3 g6 3. Bg2 Bg7 4. O-O O-O 5. d4 d6 6. a4 c6 7. a5 Nbd7 8. Nbd2
e5 9. dxe5 dxe5 10. e4 Re8 11. Qe2 Qc7 12. Nc4 Nf8 13. Rd1 Bg4 14. h3 Bxf3 15.
Qxf3 Ne6 16. Be3 c5 17. c3 Red8 18. Qe2 Ne8 19. Rd5 b5 20. axb6 axb6 21. Rxa8
Rxa8 22. Na3 Rd8 23. Qa6 Nf6 24. Nb5 Qb8 25. Rxd8+ Qxd8 1/2-1/2

[Event "Bayern-chTT (RL Nord-West)"]
[Site "Bayern 2008/09"]
[Date "2008.10.26"]
[Round "2.6"]
[White "Tiller, Jaroslav"]
[Black "Schultes, Dieter"]
[Result "1-0"]
[WhiteElo "2051"]
[BlackElo "1876"]
[PlyCount "77"]
[EventDate "2009.03.??"]
[EventType "team-tourn"]
[EventRounds "9"]
[WhiteTeam "Bindlach 2"]
[BlackTeam "Nordhalben 1"]

1. d4 g6 2. Nf3 Bg7 3. c4 d6 4. e4 Nd7 5. Nc3 e5 6. g3 Ne7 7. Bg2 O-O 8. O-O
exd4 9. Nxd4 Ne5 10. b3 N5c6 11. Be3 Bd7 12. h3 Re8 13. Qd2 Kh8 14. Rae1 Ng8
15. Kh2 h6 16. f4 f5 17. Bf2 Nf6 18. exf5 gxf5 19. Qd3 Nxd4 20. Bxd4 Rxe1 21.
Rxe1 Qf8 22. Bxb7 Re8 23. Rxe8 Qxe8 24. Bg2 Qh5 25. Bf3 Qe8 26. Kg2 Bc6 27.
Qxf5 Nh5 28. Bxg7+ Nxg7 29. Bxc6 Qxc6+ 30. Qe4 Qc5 31. g4 Qa5 32. Qe3 h5 33.
Kg3 Qa3 34. f5 hxg4 35. hxg4 Qb2 36. Nd5 c6 37. f6 cxd5 38. Qh6+ Kg8 39. Qxg7#
1-0

[Event "Bayern-chTT (RL Nord-West)"]
[Site "Bayern 2008/09"]
[Date "2008.10.26"]
[Round "2.7"]
[White "Zimmermann, Frank(61)"]
[Black "Vojtech, Jaroslav"]
[Result "0-1"]
[WhiteElo "1764"]
[BlackElo "2131"]
[PlyCount "70"]
[EventDate "2009.03.??"]
[EventType "team-tourn"]
[EventRounds "9"]
[WhiteTeam "Nordhalben 1"]
[BlackTeam "Bindlach 2"]

1. Nf3 d5 2. g3 Bf5 3. Bg2 e6 4. O-O Nf6 5. d3 h6 6. Nbd2 Be7 7. c4 O-O 8. a3
a5 9. Qb3 Ra7 10. Nd4 Bg6 11. N2f3 Nbd7 12. Nb5 Ra8 13. Bf4 c6 14. Nc3 Nc5 15.
Qd1 a4 16. b4 axb3 17. d4 b2 18. Ra2 Na4 19. Nb1 Bxb1 20. Qxb1 Nc3 21. Qxb2
Nxa2 22. Qxa2 Rxa3 23. Qb2 Qa8 24. c5 Ra2 25. Qb1 Ne4 26. Qb3 Bf6 27. Re1 Ra1
28. e3 Rxe1+ 29. Nxe1 Qa5 30. Nc2 Qc3 31. Qa2 Qd3 32. Bxe4 Qxe4 33. Bd6 Re8 34.
Nb4 h5 35. h3 e5 0-1

[Event "Bayern-chTT (RL Nord-West)"]
[Site "Bayern 2008/09"]
[Date "2008.10.26"]
[Round "2.8"]
[White "Mueller, Peter(02.60)"]
[Black "Stumpf, Hilmar"]
[Result "0-1"]
[WhiteElo "1840"]
[BlackElo "1866"]
[PlyCount "78"]
[EventDate "2009.03.??"]
[EventType "team-tourn"]
[EventRounds "9"]
[WhiteTeam "Bindlach 2"]
[BlackTeam "Nordhalben 1"]

1. d4 g6 2. c4 Nf6 3. Nc3 Bg7 4. e4 d6 5. f3 O-O 6. Bg5 c6 7. Qd2 Re8 8. Nge2
Qc7 9. g4 a6 10. h4 b5 11. Ng3 bxc4 12. Bxc4 Nbd7 13. Bb3 Bb7 14. h5 e6 15.
hxg6 fxg6 16. O-O-O Nf8 17. Kb1 N6d7 18. f4 d5 19. e5 c5 20. Bh6 Bh8 21. Rc1
Qa5 22. Nce4 Qxd2 23. Nxd2 Rac8 24. Nf3 cxd4 25. Nxd4 Nc5 26. Bc2 Rc7 27. b4
Ncd7 28. Ba4 Rc4 29. Rxc4 dxc4 30. Rc1 Re7 31. Rxc4 Nb6 32. Bxf8 Kxf8 33. Bb3
Nxc4 34. Bxc4 Bc8 35. Kb2 g5 36. Nc6 Rc7 37. b5 axb5 38. Bxb5 gxf4 39. Ne4 Bb7
0-1

[Event "Bayern-chTT (RL Nord-West)"]
[Site "Bayern 2008/09"]
[Date "2008.10.26"]
[Round "2.1"]
[White "Englert, Fabian"]
[Black "Lorenz, Mark"]
[Result "1-0"]
[WhiteElo "2174"]
[BlackElo "2248"]
[PlyCount "159"]
[EventDate "2009.03.??"]
[EventType "team-tourn"]
[EventRounds "9"]
[WhiteTeam "Klingenberg 1"]
[BlackTeam "Marktleuthen 1"]

1. c4 Nf6 2. Nc3 d5 3. cxd5 Nxd5 4. d4 g6 5. e4 Nxc3 6. bxc3 Bg7 7. Nf3 c5 8.
Rb1 O-O 9. Be2 b6 10. O-O Bb7 11. Qd3 e6 12. Bg5 Qc7 13. d5 exd5 14. exd5 c4
15. Qd2 Nd7 16. Bh6 Bxh6 17. Qxh6 Rfe8 18. Ng5 Nf8 19. Bf3 Rad8 20. Rbd1 Qe5
21. Rd4 Bxd5 22. Bxd5 Rxd5 23. Re4 Qxe4 24. Nxe4 Rxe4 25. Qh3 f5 26. Qg3 Rd2
27. a3 Rd3 28. Qc7 Rxc3 29. Qxa7 Rb3 30. a4 c3 31. Qb7 Rb2 32. Qc6 c2 33. Qc3
Rbb4 34. Qxc2 Rec4 35. Qd3 Rd4 36. Qc3 Nd7 37. Qc6 Rxa4 38. Re1 Rac4 39. Qe6+
Kg7 40. g3 Nc5 41. Qe7+ Kh6 42. Qf8+ Kh5 43. Qg7 h6 44. Qf6 Nd3 45. Rb1 Re4 46.
Rd1 Ne1 47. Rd6 Nf3+ 48. Kg2 Ne5 49. Re6 Rc5 50. Rxe5 Rcxe5 51. f4 Rxf4 52.
Qxe5 Re4 53. Qb2 Re6 54. Qb3 Re2+ 55. Kh3 Kg5 56. Qxb6 h5 57. Qd8+ Kh6 58. Qf6
Kh7 59. Qg5 Kg7 60. Qc1 Re4 61. Qd2 Kh7 62. Kg2 Kg7 63. Kf3 Kh7 64. Qd7+ Kh6
65. Qf7 Re1 66. h4 Re4 67. Qg8 Re7 68. Qh8+ Rh7 69. Qf8+ Rg7 70. Kf4 Kh7 71.
Kg5 Ra7 72. Qh6+ Kg8 73. Qxg6+ Rg7 74. Kxf5 Kh8 75. Qxg7+ Kxg7 76. Kg5 Kh7 77.
Kxh5 Kg7 78. g4 Kh7 79. g5 Kg7 80. g6 1-0

[Event "Bayern-chTT (RL Nord-West)"]
[Site "Bayern 2008/09"]
[Date "2008.10.26"]
[Round "2.2"]
[White "Kopp, Andre"]
[Black "Strobel, Walter(53)"]
[Result "0-1"]
[WhiteElo "2182"]
[BlackElo "2127"]
[PlyCount "172"]
[EventDate "2009.03.??"]
[EventType "team-tourn"]
[EventRounds "9"]
[WhiteTeam "Marktleuthen 1"]
[BlackTeam "Klingenberg 1"]

1. d4 Nf6 2. c4 g6 3. Nc3 d5 4. Bf4 Bg7 5. Nf3 c5 6. e3 cxd4 7. exd4 Nc6 8. h3
O-O 9. Be2 dxc4 10. Bxc4 Bf5 11. a3 Rc8 12. Ba2 Ne4 13. g4 Nxc3 14. bxc3 Be4
15. O-O Bd5 16. Re1 e6 17. Qd3 Bxa2 18. Rxa2 Qa5 19. Nd2 Rfd8 20. Nb3 Qd5 21.
Rb2 Na5 22. Nxa5 Qxa5 23. Rxb7 Rxc3 24. Rxa7 Qxa7 25. Qxc3 Bxd4 26. Qg3 Bc5 27.
Be5 Qxa3 28. Qf4 Be7 29. Kg2 Qb4 30. Qxb4 Bxb4 31. Rb1 Be7 32. Rb7 Kf8 33. Kg3
Ke8 34. f3 f6 35. Bb2 Rd2 36. Rb8+ Kf7 37. Rb7 Ke8 38. Rb8+ Kd7 39. Rb7+ Kd8
40. Kf4 Rc2 41. Ke4 Re2+ 42. Kd3 Rh2 43. Bd4 Rxh3 44. Ke4 Rh1 45. Bb6+ Ke8 46.
Rb8+ Kd7 47. Rb7+ Kd6 48. Ba5 f5+ 49. gxf5 gxf5+ 50. Kf4 Bf6 51. Bb4+ Kc6 52.
Rf7 Bb2 53. Be7 Kd5 54. Bd8 Bc1+ 55. Kg3 Ba3 56. Kg2 Rh6 57. Rd7+ Kc6 58. Rc7+
Kb5 59. Rc2 Bd6 60. Rc8 Rh2+ 61. Kg1 Ra2 62. Bf6 Bc5+ 63. Kh1 Ra7 64. Re8 Ra6
65. Rh8 Kc4 66. Rxh7 Kd3 67. Be5 Ke3 68. Kg2 Ra2+ 69. Kg3 Rf2 70. f4 Ke4 71.
Rc7 Rc2 72. Rb7 Bf2+ 73. Kh3 Be1 74. Rb6 Kd5 75. Rd6+ Ke4 76. Rd1 Re2 77. Rb1
Kf3 78. Bc7 Bf2 79. Rb3+ Re3 80. Rb4 Re1 81. Rb3+ Be3 82. Kh2 Re2+ 83. Kh3 Re1
84. Kh2 Kg4 85. Rb4 Re2+ 86. Kh1 Kg3 0-1

[Event "Bayern-chTT (RL Nord-West)"]
[Site "Bayern 2008/09"]
[Date "2008.10.26"]
[Round "2.3"]
[White "Kraich, Klaus"]
[Black "Wilfert, Andre"]
[Result "1-0"]
[WhiteElo "2100"]
[BlackElo "2009"]
[PlyCount "75"]
[EventDate "2009.03.??"]
[EventType "team-tourn"]
[EventRounds "9"]
[WhiteTeam "Klingenberg 1"]
[BlackTeam "Marktleuthen 1"]

1. e4 c5 2. Nf3 e6 3. d4 cxd4 4. Nxd4 a6 5. Bd3 Nc6 6. Nxc6 dxc6 7. Nd2 Nf6 8.
e5 Nd5 9. O-O Nf4 10. Be4 Qd4 11. Re1 Be7 12. Qg4 g5 13. Nb3 Qb6 14. Bxf4 gxf4
15. Bxh7 Bd7 16. Be4 O-O-O 17. Qxf4 Rh4 18. Qe3 Qb5 19. g3 Rh5 20. Bd3 Qa4 21.
Qf3 Rdh8 22. Re4 Bb4 23. a3 c5 24. axb4 Qc6 25. Ra5 b6 26. Rxa6 Rxh2 27. bxc5
Qd5 28. Rxb6 f5 29. exf6 Be8 30. Ba6+ Kc7 31. Rbxe6 Rh1+ 32. Qxh1 Qd1+ 33. Re1
Rxh1+ 34. Kxh1 Qf3+ 35. Kg1 Bc6 36. Rxc6+ Qxc6 37. f7 Qf6 38. Bc4 1-0

[Event "Bayern-chTT (RL Nord-West)"]
[Site "Bayern 2008/09"]
[Date "2008.10.26"]
[Round "2.4"]
[White "Kirschneck, Toralf"]
[Black "Kuhn, Tobias(85)"]
[Result "1/2-1/2"]
[WhiteElo "2058"]
[BlackElo "2053"]
[PlyCount "178"]
[EventDate "2009.03.??"]
[EventType "team-tourn"]
[EventRounds "9"]
[WhiteTeam "Marktleuthen 1"]
[BlackTeam "Klingenberg 1"]

1. d4 d5 2. c4 c6 3. e3 Nf6 4. Nf3 e6 5. Nc3 Nbd7 6. Be2 Bd6 7. O-O O-O 8. b3
Ne4 9. Bb2 f5 10. g3 Ndf6 11. Ne5 Nxc3 12. Bxc3 Ne4 13. Be1 Bd7 14. f3 Nf6 15.
b4 Be8 16. a4 b6 17. Qb3 c5 18. Rc1 Qe7 19. Nd3 dxc4 20. Rxc4 cxd4 21. exd4 Nd5
22. Bd2 b5 23. axb5 Bxb5 24. Rc2 Bxd3 25. Bxd3 Bxb4 26. Bc4 Bxd2 27. Bxd5 exd5
28. Qxd5+ Kh8 29. Rxd2 Qe3+ 30. Rff2 Rfd8 31. Qb7 Rdb8 32. Qc6 a5 33. d5 Qb6
34. Qxb6 Rxb6 35. d6 h6 36. d7 Rd8 37. Rfe2 Kh7 38. Re8 Rbb8 39. Re5 Rb7 40.
Rxf5 Rbxd7 41. Rxd7 Rxd7 42. Rxa5 Rd2 43. Ra1 Kg6 44. Rf1 Kf5 45. Rf2 Rd5 46.
Rb2 g5 47. Kf2 Ra5 48. g4+ Kf6 49. Rb6+ Kg7 50. Ke3 Ra3+ 51. Ke4 Ra4+ 52. Ke3
Ra3+ 53. Kf2 Ra2+ 54. Kg3 Ra3 55. Re6 Rb3 56. Re5 Kg6 57. Rd5 Ra3 58. Rd1 Rb3
59. Rh1 h5 60. gxh5+ Kxh5 61. Rd1 Rb4 62. Rd8 Ra4 63. Rh8+ Kg6 64. Rg8+ Kh5 65.
Re8 Rb4 66. Re4 Rb2 67. h4 gxh4+ 68. Rxh4+ Kg5 69. Rh8 Rb3 70. Re8 Ra3 71. Re5+
Kf6 72. Rb5 Ra1 73. Kg4 Ra4+ 74. f4 Ra6 75. Rh5 Ra4 76. Rh6+ Kg7 77. Rc6 Ra5
78. Rd6 Rb5 79. Kf3 Rb4 80. Re6 Kf7 81. Rc6 Ra4 82. Kg4 Ra5 83. Rh6 Kg7 84. Rh5
Rxh5 85. Kxh5 Kf6 86. Kg4 Kg6 87. f5+ Kf6 88. Kf4 Kf7 89. Ke5 Ke7 1/2-1/2

[Event "Bayern-chTT (RL Nord-West)"]
[Site "Bayern 2008/09"]
[Date "2008.10.26"]
[Round "2.5"]
[White "Wambach, Juergen"]
[Black "Nuernberger, Stefan"]
[Result "0-1"]
[WhiteElo "1975"]
[BlackElo "2051"]
[PlyCount "88"]
[EventDate "2009.03.??"]
[EventType "team-tourn"]
[EventRounds "9"]
[WhiteTeam "Klingenberg 1"]
[BlackTeam "Marktleuthen 1"]

1. c4 Nf6 2. Nc3 g6 3. g3 Bg7 4. Bg2 O-O 5. e3 d6 6. Nge2 e5 7. O-O c6 8. d4
Re8 9. Qc2 Qc7 10. b3 Bf5 11. e4 Bg4 12. f3 Bd7 13. Be3 Na6 14. Qd2 Rad8 15. d5
cxd5 16. cxd5 Rc8 17. Rfc1 Qb8 18. Rc2 b5 19. Rac1 Nb4 20. Rb2 a5 21. a3 Na6
22. b4 axb4 23. axb4 Rc4 24. Ra1 Qb7 25. Nd1 Ra8 26. Nc1 Nc7 27. Rba2 Ra4 28.
Nb2 Rcxb4 29. Nxa4 bxa4 30. Bf1 Nh5 31. Qc3 f5 32. Rc2 Ne8 33. Na2 Rb3 34. Qd2
fxe4 35. fxe4 Nhf6 36. Bg2 Ng4 37. Bf2 Bh6 38. Qe1 Nxf2 39. Rxf2 Be3 40. Kh1
Bxf2 41. Qxf2 Rb1+ 42. Rxb1 Qxb1+ 43. Bf1 Bh3 44. Kg1 Bxf1 0-1

[Event "Bayern-chTT (RL Nord-West)"]
[Site "Bayern 2008/09"]
[Date "2008.10.26"]
[Round "2.6"]
[White "Kuespert, Helmut"]
[Black "Suess, Mirco"]
[Result "1-0"]
[WhiteElo "1971"]
[BlackElo "1930"]
[PlyCount "145"]
[EventDate "2009.03.??"]
[EventType "team-tourn"]
[EventRounds "9"]
[WhiteTeam "Marktleuthen 1"]
[BlackTeam "Klingenberg 1"]

1. e4 e6 2. d4 d5 3. e5 c5 4. c3 Nc6 5. Be3 Qb6 6. Qd2 c4 7. f4 Nge7 8. Nf3 Nf5
9. Bf2 h5 10. g3 Na5 11. Qc2 Qc7 12. Nbd2 b5 13. Be2 Bd7 14. O-O Be7 15. h3 g6
16. Kg2 Nc6 17. Rh1 b4 18. g4 Ng7 19. Bh4 bxc3 20. bxc3 Bxh4 21. Nxh4 Ne7 22.
Nhf3 Rb8 23. Ng5 Qa5 24. Rhb1 Rb5 25. Bxc4 Rxb1 26. Rxb1 dxc4 27. Nxc4 Qd5+ 28.
Ne4 O-O 29. Ne3 Qc6 30. c4 f5 31. exf6 Rxf6 32. d5 exd5 33. Nxf6+ Qxf6 34. Rb8+
Kh7 35. Kg3 Qd4 36. Nxd5 Nxd5 37. cxd5 Qe3+ 38. Kg2 hxg4 39. Rb3 gxh3+ 40. Kh1
Qxf4 41. Qe2 Bg4 42. Qd3 Bf5 43. Qg3 Be4+ 44. Kh2 Qd2+ 45. Kg1 h2+ 46. Qxh2+
Qxh2+ 47. Kxh2 Bxd5 48. Ra3 Kh6 49. Rxa7 Nf5 50. a4 g5 51. Ra5 Be6 52. Re5 Bc8
53. Rc5 Bd7 54. a5 Nh4 55. a6 Bg4 56. Rc6+ Kh5 57. a7 Bf3 58. a8=Q Bxc6 59.
Qxc6 Nf5 60. Qe4 Kg6 61. Kh3 Kf6 62. Kg4 Nh6+ 63. Kh5 Nf7 64. Qg6+ Ke7 65. Qg7
Ke6 66. Kg4 Nd6 67. Kxg5 Ne4+ 68. Kf4 Nf6 69. Qg6 Ke7 70. Kf5 Ne8 71. Ke5 Kd7
72. Qf7+ Kd8 73. Ke6 1-0